Central Library OPAC University of Rajshahi

রবীন্দ্রনাথ : (Record no. 44479)

MARC details
000 -LEADER
fixed length control field 01003nam a2200229 a 4500
001 - CONTROL NUMBER
control field 44479
003 - CONTROL NUMBER IDENTIFIER
rucl marc code BD-RjUL
005 - DATE AND TIME OF LATEST TRANSACTION
control field 20211209053851.0
008 - FIXED-LENGTH DATA ELEMENTS--GENERAL INFORMATION
fixed length control field 160718s1962 ii |||| ||| 001 0 ben d
020 ## - INTERNATIONAL STANDARD BOOK NUMBER
Terms of availability : Tk 12.00
035 ## - SYSTEM CONTROL NUMBER
System control number (BD-RjUL)44597
040 ## - CATALOGING SOURCE
Original cataloging agency BD-RjUL
Language of cataloging ben
Transcribing agency BD-RjUL
041 ## - LANGUAGE CODE
Language code of text/sound track or separate title ben
082 ## - DEWEY DECIMAL CLASSIFICATION NUMBER
Edition number 23
Classification number 891.4414092
Author mark and year ROB 1962
245 00 - TITLE STATEMENT
Title রবীন্দ্রনাথ :
Remainder of title বিশ্বভারতী শ্রদ্ধাঞ্জলী /
Statement of responsibility, etc. প্রবোধচন্দ্র সেন
260 ## - PUBLICATION, DISTRIBUTION, ETC. (IMPRINT)
Place of publication, distribution, etc. কলিকাতা :
Name of publisher, distributor, etc. বিশ্বভারতী শান্তিনিকেতন,
Date of publication, distribution, etc. ১৯৬২
300 ## - PHYSICAL DESCRIPTION
Pagination [৮] ২৬৯ পৃ. ;
Size ২২ সেমি.
600 ## - SUBJECT ADDED ENTRY--PERSONAL NAME
Personal name ঠাকুর, রবীন্দ্রনাথ
General subdivision জীবনী
Chronological subdivision ১৮৬১-১৯৪১
Personal name Tagore, Rabindranath
General subdivision Biography
Chronological subdivision 1861-1941.
700 ## - ADDED ENTRY--PERSONAL NAME
Personal name প্রবোধচন্দ্র সেন ( সম্পাদক)
942 ## - ADDED ENTRY ELEMENTS (KOHA)
Source of classification or shelving scheme Dewey Decimal Classification
Koha item type Books
Holdings
Lost status Source of classification or shelving scheme Damaged status Not for loan Collection code Permanent Location Current Location Shelving location Date acquired Source of acquisition Cost, normal purchase price Total Checkouts Full call number Date last seen Copy number Koha item type
  Dewey Decimal Classification     Non-fiction Central Library, University of Rajshahi Central Library, University of Rajshahi   23/04/1977 Boighar 30.00   B 891.4414092 ROB 1962 18/07/2016 C-2 Books